[Event "SVK-chT2D 14/15"]
[Site "Slovakia"]
[Date "2014.11.08"]
[Round "3.5"]
[White "Hurtuk, Radovan"]
[Black "Belus, Benjamin"]
[Result "1-0"]
[WhiteElo "1905"]
[BlackElo "1976"]
[PlyCount "43"]
[EventDate "2014.10.11"]
[EventType "team-tourn"]
[EventRounds "11"]
[EventCountry "SVK"]
[SourceTitle "EXT 2019"]
[Source "ChessBase"]
[SourceDate "2018.10.10"]
[SourceVersion "1"]
[SourceVersionDate "2018.10.10"]
[SourceQuality "1"]
[WhiteTeam "Spisska Stara Ves"]
[BlackTeam "Presov Slavia PU"]
[WhiteTeamCountry "SVK"]
[BlackTeamCountry "SVK"]

1. e4 c5 2. Nf3 e6 3. d4 d5 4. Nc3 cxd4 5. Qxd4 Nc6 6. Bb5 Bd7 7. Bxc6 bxc6 8. 0-0 Qc7 9. exd5 cxd5 10. Re1 Bc6 11. Ne5 Ne7 12. Bf4 Nf5 13. Qd3 Bd6 14. Nxc6 Bxf4 15. Qxf5 Bd2 16. Rxe6+ fxe6 17. Qxe6+ Kf8 18. Nxd5 Qb7 19. Qd6+ Ke8 20. Nc7+ Kf7 21. Ne5+ Kg8 22. Qe6+ 1-0

[Event "SVK-ch U18"]
[Site "Stara Lubovna"]
[Date "2014.04.08"]
[Round "5"]
[White "Lecky, Juraj"]
[Black "Hurtuk, Radovan"]
[Result "1-0"]
[WhiteElo "1856"]
[BlackElo "1747"]
[PlyCount "39"]
[EventDate "2014.04.05"]
[EventType "swiss"]
[EventRounds "9"]
[EventCountry "SVK"]
[SourceTitle "EXT 2016"]
[Source "ChessBase"]
[SourceDate "2015.10.08"]
[SourceVersion "1"]
[SourceVersionDate "2015.10.08"]
[SourceQuality "1"]

1. e4 c5 2. Nf3 d6 3. d4 cxd4 4. Nxd4 Nf6 5. Nc3 a6 6. Bc4 e6 7. Bb3 Be7 8. 0-0 b5 9. Qf3 Bb7 10. Bxe6 fxe6 11. Nxe6 Qd7 12. Nxg7+ Kd8 13. Nf5 b4 14. Nd5 Nxd5 15. exd5 Rf8 16. g4 h5 17. h3 hxg4 18. hxg4 Qb5 19. Qe4 Rf7 20. Nxe7 1-0

[Event "SVK-ch U18"]
[Site "Stara Lubovna"]
[Date "2014.04.07"]
[Round "3"]
[White "Mackovic, Matus"]
[Black "Hurtuk, Radovan"]
[Result "0-1"]
[WhiteElo "1918"]
[BlackElo "1747"]
[PlyCount "88"]
[EventDate "2014.04.05"]
[EventType "swiss"]
[EventRounds "9"]
[EventCountry "SVK"]
[SourceTitle "EXT 2016"]
[Source "ChessBase"]
[SourceDate "2015.10.08"]
[SourceVersion "1"]
[SourceVersionDate "2015.10.08"]
[SourceQuality "1"]

1. e4 c5 2. Nf3 d6 3. d4 cxd4 4. Nxd4 Nf6 5. Nc3 a6 6. Be2 e5 7. Nb3 Be6 8. 0-0 Nbd7 9. f4 Be7 10. Qe1 Rc8 11. Qg3 Rxc3 12. Qxc3 Nxe4 13. Qe3 f5 14. Bd3 Ndf6 15. Bxe4 Nxe4 16. Qd3 Qc7 17. Rd1 0-0 18. c3 Bc4 19. Qf3 Bxb3 20. axb3 Qb6+ 21. Be3 Qxb3 22. Qe2 Qe6 23. c4 Rc8 24. Rac1 h6 25. c5 dxc5 26. Qc4 Qxc4 27. Rxc4 b5 28. Rc2 exf4 29. Bxf4 Rd8 30. Rxd8+ Bxd8 31. Be5 Bf6 32. Bxf6 gxf6 33. Rc1 a5 34. Rd1 Kf7 35. Rd7+ Ke6 36. Rh7 a4 37. Rxh6 Kd5 38. Rh5 Kc4 39. Rxf5 b4 40. Rf3 b3 41. h4 a3 42. bxa3 b2 43. Rf1 Kb3 44. a4 Kxa4 0-1

[Event "SVK-ch U16"]
[Site "Lubovna"]
[Date "2013.04.13"]
[Round "9"]
[White "Hurtuk, Radovan"]
[Black "Gasper, Peter"]
[Result "1-0"]
[WhiteElo "1747"]
[BlackElo "1776"]
[PlyCount "58"]
[EventDate "2013.04.06"]
[EventType "swiss"]
[EventRounds "9"]
[EventCountry "SVK"]
[SourceTitle "CBM 153 Extra"]
[Source "ChessBase"]
[SourceDate "2013.04.22"]
[SourceVersion "1"]
[SourceVersionDate "2013.04.22"]
[SourceQuality "1"]

1. e4 e5 2. Nf3 d6 3. d4 Nf6 4. Bd3 exd4 5. Nxd4 Be7 6. 0-0 0-0 7. f4 Re8 8. Nc3 Bf8 9. h3 c6 10. Qf3 Nbd7 11. g4 Nc5 12. g5 Nfd7 13. Be3 Nxd3 14. cxd3 g6 15. h4 Qc7 16. h5 b5 17. hxg6 hxg6 18. Kf2 b4 19. Nce2 Ba6 20. Rad1 Bg7 21. Qh3 Nc5 22. f5 Nxd3+ 23. Rxd3 Bxd3 24. f6 Bxe4 25. Nf3 Qc8 26. Qh4 Qf5 27. Ned4 Bxf3 28. Nxf5 Bh5 29. Nxg7 Rxe3 1-0